000 00699nam a2200229 i 4500
001 C2-0319928
003 PPAK
005 20180728115546.0
008 121203s2009 nyu |||| ||||| | eng d
020 _a9780738213521
040 _aPPAK
_beng
_cPPAK
_erda
082 0 4 _a618.24
_223
090 0 0 _a618.24
_bJON
_dLCK
100 1 _aJones, Catherine,
_eauthor
245 1 0 _aEating for pregnancy :
_bthe essential nutrition guide and cookbook for today's mothers-to-be
264 1 _aNew York :
_bCambrige, MA : Da capo Lifelong ,
_c2009
300 _axviii, 472 pages ;
_c23 cm
336 _2rdacontent
_atext
337 _2rdamedia
_aunmediated
338 _2rdacarrier
_avolume
942 _ddc
_cB
999 _c120728
_d120728